• 首页
  • 本馆介绍
  • 公告通知
  • 最新文献
  • 馆藏检索
  • 电子资源
  • 读者导购
  • 参考咨询
  • 我的图书馆
  • 登录
  • 详细信息显示
  • 放入我的书架
  • 预约/预借图书
  • 作者相关作品
  • 分类相关作品
  • 丛书相关作品
  • 出版社相关作品

书目信息

  • 表格格式
  • 工作单格式
  • 卡片格式
题名:
中学生生涯教育理论与实务
    
 
作者: 王一敏 著
分册:  
出版信息: 广州   广东教育出版社  2016.08
页数: 208页
开本: 24cm
丛书名: 向阳生涯丛书
单 册:
中图分类: G637.3
科图分类:
主题词: 中学生--职业选择--研究
电子资源:
ISBN: 978-7-5548-1206-8
000 01529oam2 2200265 450
001 0108153913
005 20210308154403.0
010    @a978-7-5548-1206-8@dCNY35.00
100    @a20160912d2016 em y0chiy50 ea
101 0  @achi
102    @aCN@b440000
105    @ay z 000yy
106    @ar
200 1  @a中学生生涯教育理论与实务@Azhong xue sheng sheng ya jiao yu li lun yu shi wu@f王一敏著
210    @a广州@c广东教育出版社@d2016.08
215    @a208页@d24cm
225 2  @a向阳生涯丛书@i大师经典
330    @a本书首先从社会与教育的制度、人的价值观念体系、我国产业经济发展动向、职业世界的构造等方面对职业规划与生涯教育的外部背景要素做了说明。接着展示了职业规划与生涯教育的内部背景要素,从中学生身心发展的过程着手,考察了当代中学生职业意识的实际状况,回顾了职业规划与生涯教育(职业指导)的历史起源,并阐述了职业规划与生涯教育的实质以及当今世界一些发达国家的实践状况。然后介绍了职业规划与生涯教育的基础理论与基本技法。精选了世界上一些重要理论家的思想观点;论述了作为职业规划与生涯教育工作的主要阵地——学校教育中职业规划与生涯教育的组织体系与计划管理,点明了实施贯彻的前提;介绍学校职业规划与生涯教育的一系列基本技法,它们是一个相互滲透、穿插、循环、渐进的有机整体;并对在职业规划与生涯教育基本技法中占重要位置的两个侧面——个性考察分析与咨询工作,从理论与实践上加以论述。
461  0 @12001 @a向阳生涯丛书
462  0 @12001 @a大师经典
606 0  @a中学生@x职业选择@x研究
690    @aG637.3@v5
701  0 @a王一敏@Awang yi min@4著@c(女,@f1954.8~)
801  0 @aCN@bBJSZM@c20210308
905    @b1272723-6@dG637.3@e2009@f4
    
    中学生生涯教育理论与实务/王一敏著.-广州:广东教育出版社,2016.08
    208页;24cm.-(向阳生涯丛书.大师经典)
    
    
    ISBN 978-7-5548-1206-8:CNY35.00
    本书首先从社会与教育的制度、人的价值观念体系、我国产业经济发展动向、职业世界的构造等方面对职业规划与生涯教育的外部背景要素做了说明。接着展示了职业规划与生涯教育的内部背景要素,从中学生身心发展的过程着手,考察了当代中学生职业意识的实际状况,回顾了职业规划与生涯教育(职业指导)的历史起源,并阐述了职业规划与生涯教育的实质以及当今世界一些发达国家的实践状况。然后介绍了职业规划与生涯教育的基础理论与基本技法。精选了世界上一些重要理论家的思想观点;论述了作为职业规划与生涯教育工作的主要阵地——学校教育中职业规划与生涯教育的组织体系与计划管理,点明了实施贯彻的前提;介绍学校职业规划与生涯教育的一系列基本技法,它们是一个相互滲透、穿插、循环、渐进的有机整体;并对在职业规划与生涯教育基本技法中占重要位置的两个侧面——个性考察分析与咨询工作,从理论与实践上加以论述。
●
相关链接 在E读中查询图书 在五车中查询图书 在当当中查询图书 在豆瓣中查询图书


正题名:中学生生涯教育理论与实务     索取号:G637.3/2009         预约/预借

序号 登录号 条形码 馆藏地/架位号 状态 备注
1 1272723   212727236   第一样本阅览室/ [索取号:G637.3/2009] 在馆    
2 1272724   212727245   教育系资料室/ [索取号:G637.3/2009] 在馆    
3 1272725   212727254   教育系资料室/ [索取号:G637.3/2009] 在馆    
4 1272726   212727263   第四借阅区/ [索取号:G637.3/2009] 在馆    
唐山师范学院图书馆 欢迎您!
大连网信软件有限公司© 版权所有